| 000 | 01070cam a2200301 i 4500 | ||
|---|---|---|---|
| 001 | 68552 | ||
| 003 | Mx-PuUPA | ||
| 005 | 20250925141158.0 | ||
| 008 | 200123s2018 caua||||r|||| 00| 0 eng d | ||
| 020 |
_a9781483349800 _qpasta dura |
||
| 040 |
_aMx-PuUPA _bspa _cMx-PuUPA _dMx-PuUPA _erda |
||
| 041 | 0 | _aeng | |
| 245 | 1 | 4 |
_aThe sage handbook of qualitative research / _cedited by Norman K. Denzin, Yvonna S. Lincoln |
| 250 | _aFifth edition | ||
| 264 | 1 |
_aThousand Oaks, California : _bSAGE Publications, _c©2018 |
|
| 300 |
_axx, 968 páginas : _bilustraciones ; _c26 cm |
||
| 336 |
_2rdacontent _atexto _btxt |
||
| 337 |
_2rdamedia _asin medio _bn |
||
| 338 |
_2rdacarrier _avolumen _bnc |
||
| 650 | 7 |
_2armarc _aInvestigación social |
|
| 650 | 7 |
_2armarc _aInvestigación cualitativa |
|
| 700 | 1 |
_aDenzin, Norman K., _eeditor |
|
| 700 | 1 |
_aLincoln, Yvonna S., _eeditor |
|
| 942 |
_2ddc _cLI _h300.72 _iS25 |
||
| 999 |
_c68552 _d68552 |
||